[Event "Madrid San Viator op-B 27th"]
[Site "Madrid"]
[Date "2016.11.20"]
[Round "9"]
[White "Tenorio Garcia, Joel"]
[Black "Fogue Caro, David"]
[Result "0-1"]
[WhiteElo "1338"]
[BlackElo "1524"]
[PlyCount "90"]
[EventDate "2016.09.25"]
[EventType "swiss"]
[EventRounds "9"]
[EventCountry "ESP"]
[SourceTitle "EXT 2019"]
[Source "ChessBase"]
[SourceDate "2018.10.10"]
[SourceVersion "1"]
[SourceVersionDate "2018.10.10"]
[SourceQuality "1"]

1. e4 c5 2. Nf3 e6 3. d4 cxd4 4. Nxd4 a6 5. Nc3 Qc7 6. a3 Nf6 7. Bd3 Be7 8. 0-0 0-0 9. Qf3 Nc6 10. Nxc6 dxc6 11. Bf4 e5 12. Bg5 Bg4 13. Qg3 Bh5 14. Bh6 Bg6 15. Bg5 Nh5 16. Qg4 Nf6 17. Bxf6 Bxf6 18. Rad1 Rad8 19. Kh1 Qb6 20. b4 h5 21. Qe2 Kh7 22. f4 exf4 23. Rxf4 Bxc3 24. e5 c5 25. h3 Rh8 26. Rxf7 Kg8 27. bxc5 Bxd3 28. Rxd3 Qa5 29. Rdf3 Qxc5 30. e6 Bf6 31. Qe4 Rd1+ 32. Kh2 Qg1+ 33. Kg3 h4+ 34. Kf4 Rd4 35. Re3 Rxe4+ 36. Kxe4 Qxg2+ 37. Rf3 Qxc2+ 38. Rd3 Qe2+ 39. Re3 Qc4+ 40. Kf5 Rh5+ 41. Kg6 Rh6+ 42. Kf5 Qd5+ 43. Kf4 Bg5+ 44. Kg4 Bxe3 45. a4 Qxe6+ 0-1

[Event "Madrid San Viator op-B 27th"]
[Site "Madrid"]
[Date "2016.10.09"]
[Round "3"]
[White "Fogue Caro, David"]
[Black "Periotto Miori, Fabrizio Lautaro"]
[Result "1-0"]
[WhiteElo "1524"]
[BlackElo "1237"]
[PlyCount "83"]
[EventDate "2016.09.25"]
[EventType "swiss"]
[EventRounds "9"]
[EventCountry "ESP"]
[SourceTitle "EXT 2017"]
[Source "ChessBase"]
[SourceDate "2016.10.25"]
[SourceVersion "1"]
[SourceVersionDate "2016.10.25"]
[SourceQuality "1"]

1. c4 e6 2. Nc3 Nf6 3. g3 c6 4. Bg2 d5 5. cxd5 cxd5 6. d4 Be7 7. Nf3 Nc6 8. 0-0 0-0 9. a3 a6 10. b4 b5 11. Qc2 Nd7 12. Nxd5 exd5 13. Qxc6 Nb6 14. Qc2 Bd7 15. Ne5 Rc8 16. Qb3 Be8 17. Bb2 f6 18. Nd3 Kh8 19. Nc5 Bxc5 20. dxc5 Nc4 21. Rad1 Bf7 22. Rd4 Rc7 23. Rfd1 Qe7 24. e3 Rd7 25. Bxd5 Bxd5 26. Rxd5 Rxd5 27. Rxd5 Qe4 28. Rd1 Re8 29. Bd4 Qf3 30. a4 Rd8 31. axb5 axb5 32. Re1 Nd2 33. Qd3 Ne4 34. Qf1 Ng5 35. Qg2 Ra8 36. h4 Qxg2+ 37. Kxg2 Ne6 38. Ra1 Rc8 39. Kf3 Kg8 40. Ke4 Rd8 41. Ra6 Kf8 42. Rxe6 1-0

[Event "Madrid San Viator op 21st"]
[Site "Madrid"]
[Date "2013.11.10"]
[Round "8"]
[White "Fogue Caro, David"]
[Black "Munoz Blazquez, Jose"]
[Result "1-0"]
[WhiteElo "1558"]
[BlackElo "1426"]
[PlyCount "81"]
[EventDate "2013.09.29"]
[EventType "swiss"]
[EventRounds "9"]
[EventCountry "ESP"]
[SourceTitle "EXT 2015"]
[Source "ChessBase"]
[SourceDate "2014.11.20"]
[SourceVersion "1"]
[SourceVersionDate "2014.11.20"]
[SourceQuality "1"]

1. c4 e5 2. Nc3 Nf6 3. g3 Be7 4. Bg2 0-0 5. e3 c6 6. Nf3 d6 7. d4 e4 8. Nd2 d5 9. cxd5 cxd5 10. 0-0 Be6 11. f3 exf3 12. Nxf3 Qd7 13. Ne5 Qc8 14. Qb3 Nc6 15. Nxd5 Bxd5 16. Bxd5 Nxd5 17. Qxd5 Nxe5 18. Qxe5 Qd7 19. Bd2 f6 20. Qe4 Rae8 21. Qc2 Rc8 22. Qb3+ Rf7 23. Rac1 Bf8 24. Rxc8 Qxc8 25. Rc1 Qd7 26. Bb4 Bxb4 27. Qxb4 Qe6 28. Qc3 Rf8 29. Qc4 Qxc4 30. Rxc4 g5 31. Rc7 Rf7 32. Rxf7 Kxf7 33. Kf2 Ke6 34. Kf3 h5 35. e4 b5 36. b4 a6 37. h4 g4+ 38. Kf4 Kf7 39. Kf5 Kg7 40. Ke6 Kg6 41. d5 1-0